| 000 | 00000nam##2200000za#4500 |
| 001 | 9.572936 |
| 003 | CaOODSP |
| 005 | 20210624183447 |
| 007 | cr ||||||||||| |
| 008 | 150406|2002||||xxc|||||o f|0| 0 eng|d |
| 040 | |aCaOODSP|beng |
| 043 | |an-cn--- |
| 086 | 1 |aH13-6/2002-5E-PDF |
| 110 | 1 |aCanada. |bHealth Canada. |
| 245 | 10|aAboriginal health / |h[electronic resource]|c[by] Madeleine Dion Stout, Gregory D. Kipling. |
| 246 | 1 |iAt head of title : |aThe Health Transition Fund |
| 260 | |aOttawa - Ontario : |bHealth Canada |cc2002. |
| 300 | |a42p.|breferences, tables |
| 490 | 1 |aSynthesis series |
| 500 | |a"Sharing the learning, The Health Transition Fund"--p. 1 of 42. The catalogue number (H13-6/2002-5) and ISBN (0-662-66308-X) for the bilingual print edition have been incorrectly copied in this electronic publication. |
| 590 | |a12-08-Supp|b2012-03-16 |
| 690 | 07|aIndigenous peoples|2gcpds |
| 690 | 07|aHealth|2gcpds |
| 720 | 1 |aStout, Madeleine Dion |
| 720 | 1 |aKipling, Gregory D. |
| 775 | 08|tLa santé des Autochtones / |w(CaOODSP)9.603180 |
| 776 | 0#|tLa santé des Autochtones.|w(CaOODSP)9.536371 |
| 776 | 0#|tAboriginal health.|w(CaOODSP)9.536370 |
| 830 | #0|aSynthesis series.|w(CaOODSP)9.506811 |
| 856 | 40|ahttp://publications.gc.ca|qPDF|s494 KB|uhttps://publications.gc.ca/collections/Collection/H13-6-2002-5E.pdf |